[Event "GER-chT U20"]
[Site "Osnabrueck"]
[Date "2018.12.28"]
[Round "4.4"]
[White "Dalchow, Jonas"]
[Black "Grund, Melanie"]
[Result "1/2-1/2"]
[WhiteElo "1747"]
[BlackElo "1748"]
[PlyCount "66"]
[EventDate "2018.12.27"]
[EventType "team-swiss"]
[EventRounds "7"]
[EventCountry "GER"]
[SourceTitle "CBM 188 Extra"]
[Source "ChessBase"]
[SourceDate "2019.02.28"]
[SourceVersion "1"]
[SourceVersionDate "2019.02.28"]
[SourceQuality "1"]
[WhiteTeam "Lambsheim"]
[BlackTeam "Saalfeld"]
[WhiteTeamCountry "GER"]
[BlackTeamCountry "GER"]

1. e4 c5 2. Nf3 Nc6 3. d4 cxd4 4. Nxd4 g6 5. c4 Bg7 6. Be3 Nf6 7. Nc3 0-0 8. Be2 d6 9. 0-0 Bd7 10. Qd2 Rc8 11. Rab1 a5 12. b3 Nxd4 13. Bxd4 Bc6 14. f3 e6 15. Rfd1 Qc7 16. Bf1 Rfd8 17. Be3 d5 18. cxd5 exd5 19. exd5 Nxd5 20. Nxd5 Rxd5 21. Qf2 Rxd1 22. Rxd1 Re8 23. a4 Qe5 24. Re1 Qb2 25. Qxb2 Bxb2 26. Re2 Bc3 27. Bb6 Rxe2 28. Bxe2 Bd5 29. Bc4 Bxc4 30. bxc4 Bb4 31. Kf2 Kf8 32. Ke3 Ke7 33. h3 f6 1/2-1/2

[Event "GER-chT U16"]
[Site "Neumarkt in der Oberpfalz"]
[Date "2016.12.27"]
[Round "1.3"]
[White "Dalchow, Jonas"]
[Black "Amler, Nick"]
[Result "1/2-1/2"]
[WhiteElo "1585"]
[BlackElo "1706"]
[PlyCount "72"]
[EventDate "2016.12.27"]
[EventType "team-swiss"]
[EventRounds "7"]
[EventCountry "GER"]
[SourceTitle "EXT 2018"]
[Source "ChessBase"]
[SourceDate "2017.10.13"]
[SourceVersion "1"]
[SourceVersionDate "2017.10.13"]
[SourceQuality "1"]
[WhiteTeam "Lambsheim"]
[BlackTeam "Delmenhorst"]
[WhiteTeamCountry "GER"]
[BlackTeamCountry "GER"]

1. e4 e5 2. Nf3 Nc6 3. Bc4 Bc5 4. c3 Nf6 5. d4 exd4 6. cxd4 Bb4+ 7. Nc3 Nxe4 8. 0-0 Bxc3 9. d5 Bf6 10. Re1 0-0 11. Rxe4 Ne7 12. Bg5 Ng6 13. h4 d6 14. Bb5 Bf5 15. Rc4 a6 16. Bxf6 Qxf6 17. Bxa6 bxa6 18. Rxc7 Bg4 19. Qb3 Rab8 20. Qc3 Qxc3 21. Rxc3 Bxf3 22. Rxf3 Nxh4 23. Ra3 Rb6 24. Rc1 Rfb8 25. Rc6 Nf5 26. Rxa6 Rxb2 27. a4 g6 28. a5 Rd2 29. Rab6 Rxb6 30. axb6 Kg7 31. g4 Ne7 32. Rxd6 Rd4 33. f3 Rd2 34. Rd7 Ng8 35. g5 Rb2 36. b7 Nf6 1/2-1/2

[Event "GER-chT U12"]
[Site "Schney"]
[Date "2013.12.29"]
[Round "6.1"]
[White "Mantel, Ruben"]
[Black "Dalchow, Jonas"]
[Result "1-0"]
[WhiteElo "1665"]
[BlackElo "1443"]
[PlyCount "41"]
[EventDate "2013.12.27"]
[EventType "team-swiss"]
[EventRounds "7"]
[EventCountry "GER"]
[SourceTitle "EXT 2015"]
[Source "ChessBase"]
[SourceDate "2014.11.20"]
[SourceVersion "1"]
[SourceVersionDate "2014.11.20"]
[SourceQuality "1"]
[WhiteTeam "Nuernberg Zabo"]
[BlackTeam "Lambsheim"]
[WhiteTeamCountry "GER"]
[BlackTeamCountry "GER"]

1. e4 e5 2. Bc4 Nf6 3. Nc3 Nc6 4. d3 d6 5. f4 Be7 6. Nf3 Bg4 7. Be3 0-0 8. h3 Bxf3 9. Qxf3 Nd4 10. Bxd4 exd4 11. Ne2 c5 12. g4 Nd7 13. g5 Nb6 14. Bb3 Rc8 15. 0-0-0 Kh8 16. h4 g6 17. h5 Kg7 18. hxg6 fxg6 19. Rxh7+ Kxh7 20. Qh3+ Kg7 21. Qh6# 1-0